[Event "42nd POL-ch"]
[Site "Gdynia POL"]
[Date "1985.02.07"]
[Round "1"]
[White "Adamski, Jan"]
[Black "Pokojowczyk, Jerzy"]
[Result "1-0"]
[WhiteElo "2450"]
[BlackElo "2405"]
[PlyCount "45"]
[EventDate "1985.02.07"]

1. d4 Nf6 2. Nf3 e6 3. g3 c5 4. Bg2 Nc6 5. O-O Be7 6. c4 d5 7. cxd5 Nxd5 8.
dxc5 Bxc5 9. Qc2 Be7 10. Rd1 Bd7 11. e4 Nf6 12. Nc3 e5 13. Bh3 Bxh3 14. Rxd8+
Rxd8 15. Be3 O-O 16. Rd1 Rxd1+ 17. Qxd1 Rd8 18. Qb3 h6 19. Qxb7 Rd6 20. Bc5 Nd4
21. Nxd4 Rd7 22. Qb8+ Bd8 23. Nc6 1-0

[Event "42nd POL-ch"]
[Site "Gdynia POL"]
[Date "1985.02.07"]
[Round "1"]
[White "Cichocki, Adam"]
[Black "Szymczak, Zbigniew"]
[Result "1/2-1/2"]
[WhiteElo "2250"]
[BlackElo "2335"]
[PlyCount "83"]
[EventDate "1985.02.07"]

1. d4 Nf6 2. g3 d5 3. Nf3 g6 4. Bg2 Bg7 5. O-O O-O 6. c4 dxc4 7. Na3 Nc6 8.
Nxc4 Be6 9. Nce5 Bd5 10. Bf4 Nxe5 11. Bxe5 c6 12. Qc2 Qb6 13. Nd2 Bxg2 14. Kxg2
Rfd8 15. Rfd1 Rac8 16. Rac1 Ne8 17. Bxg7 Nxg7 18. e3 Qa5 19. a3 Qh5 20. Qc5
Qxc5 21. Rxc5 Ne6 22. Rc2 c5 23. Rdc1 Rb8 24. dxc5 Nxc5 25. Rxc5 Rxd2 26. Rb5
Rd7 27. a4 Kf8 28. Kf3 Ke8 29. Rc2 Kd8 30. Ke4 Rc7 31. Rd5+ Rd7 32. b4 Rxd5 33.
Kxd5 Kd7 34. b5 f6 35. f4 e6+ 36. Kd4 Re8 37. Rc5 Kd6 38. Rc2 e5+ 39. fxe5+
Rxe5 40. Rc8 a6 41. Rd8+ Ke6 42. Re8+ 1/2-1/2

[Event "42nd POL-ch"]
[Site "Gdynia POL"]
[Date "1985.02.07"]
[Round "1"]
[White "Kojder, Konrad"]
[Black "Staniszewski, Piotr"]
[Result "1/2-1/2"]
[WhiteElo "2370"]
[BlackElo "2365"]
[PlyCount "23"]
[EventDate "1985.02.07"]

1. d4 Nf6 2. Bg5 Ne4 3. Bf4 c5 4. d5 Qb6 5. Bc1 e6 6. f3 Nf6 7. e4 exd5 8. exd5
d6 9. c4 Nbd7 10. f4 g6 11. Nc3 Bg7 12. Bd3 1/2-1/2

[Event "42nd POL-ch"]
[Site "Gdynia POL"]
[Date "1985.02.07"]
[Round "1"]
[White "Kuczynski, Robert"]
[Black "Sygulski, Boguslaw"]
[Result "0-1"]
[WhiteElo "2415"]
[BlackElo "2270"]
[PlyCount "98"]
[EventDate "1985.02.07"]

1. e4 e5 2. Nf3 Nc6 3. Bb5 a6 4. Ba4 Nf6 5. O-O Be7 6. Re1 b5 7. Bb3 O-O 8. d4
d6 9. c3 Bg4 10. Be3 Qd7 11. h3 Bh5 12. Nbd2 Rad8 13. d5 Na5 14. Bc2 Rb8 15. b3
Rfc8 16. c4 c6 17. Rc1 Bg6 18. Nh4 Bd8 19. Nxg6 hxg6 20. b4 cxd5 21. cxd5 Nc4
22. Bb3 Nxd2 23. Bxd2 Rxc1 24. Bxc1 Bb6 25. Qd3 Rc8 26. Be3 Qa7 27. Bxb6 Qxb6
28. g3 a5 29. bxa5 Qxa5 30. Re3 b4 31. Kg2 Nd7 32. Qd1 Rc3 33. Qd2 Nc5 34. g4
Nxb3 35. axb3 Qc5 36. Rd3 Kf8 37. Qe3 Ke7 38. Kf3 Qd4 39. Qxd4 exd4 40. Ke2 g5
41. Rxd4 Rxb3 42. Rc4 Kf6 43. Rc7 Rxh3 44. Rd7 Ke5 45. Rxf7 Kxe4 46. Rxg7 b3
47. f3+ Kd4 48. Kd2 Rxf3 49. Rxg5 Rd3+ 0-1

[Event "42nd POL-ch"]
[Site "Gdynia POL"]
[Date "1985.02.07"]
[Round "1"]
[White "Nowak, Ignacy"]
[Black "Bany, Jerzy"]
[Result "1/2-1/2"]
[WhiteElo "2395"]
[BlackElo "2435"]
[PlyCount "49"]
[EventDate "1985.02.07"]

1. d4 d5 2. c4 c6 3. cxd5 cxd5 4. Nc3 Nf6 5. Nf3 Nc6 6. Bf4 Bf5 7. e3 e6 8. Ne5
Nd7 9. Nxc6 bxc6 10. Rc1 Be7 11. Be2 O-O 12. O-O c5 13. Nb5 a6 14. Nd6 Bg6 15.
dxc5 Nxc5 16. Rxc5 Bxd6 17. Bxd6 Qxd6 18. Qd4 Rfd8 19. Rd1 Be4 20. Qc3 e5 21.
Qa5 Qh6 22. Qd2 Qd6 23. Qa5 Qh6 24. Qd2 Qd6 25. Qa5 1/2-1/2

[Event "42nd POL-ch"]
[Site "Gdynia POL"]
[Date "1985.02.07"]
[Round "1"]
[White "Pytel, Krzysztof"]
[Black "Zolnierowicz, Krzysztof"]
[Result "0-1"]
[WhiteElo "2405"]
[BlackElo "2270"]
[PlyCount "86"]
[EventDate "1985.02.07"]

1. d4 d5 2. c4 e6 3. Nf3 c5 4. cxd5 exd5 5. g3 Nf6 6. Bg2 Be7 7. O-O O-O 8. Nc3
Nc6 9. Bf4 Bg4 10. dxc5 Bxc5 11. Rc1 Re8 12. Nb5 Bb6 13. Nd6 Re6 14. Nb5 Qe7
15. h3 Bh5 16. g4 Qb4 17. Nc7 Bxc7 18. Bxc7 Bg6 19. b3 Qe7 20. Bh2 Rxe2 21. g5
Nd7 22. Qxd5 Nb6 23. Qb5 Rd8 24. Rfe1 Nd4 25. Qa5 Rd5 26. Nxd4 Rxa5 27. Rxe2
Qf8 28. Rce1 f5 29. Re7 f4 30. Rxb7 Rxg5 31. Ne6 Rxg2+ 32. Kxg2 Qa8 33. Nc5 Nd7
34. Kg1 Nxc5 35. Rc7 Nd3 36. Ree7 Qd8 37. Red7 Qa8 38. h4 Ne1 39. Kf1 Nd3 40.
h5 Bxh5 41. Rxg7+ Kf8 42. Rxh7 Qh1+ 43. Bg1 Qh3# 0-1

[Event "42nd POL-ch"]
[Site "Gdynia POL"]
[Date "1985.02.07"]
[Round "1"]
[White "Sygulski, Artur"]
[Black "Dejkalo, Stefan"]
[Result "1/2-1/2"]
[WhiteElo "2445"]
[BlackElo "2325"]
[PlyCount "64"]
[EventDate "1985.02.07"]

1. d4 Nf6 2. Nf3 e6 3. g3 b5 4. Bg2 Bb7 5. O-O c5 6. Nc3 b4 7. Na4 cxd4 8. Nxd4
Bxg2 9. Kxg2 Be7 10. c4 bxc3 11. Nxc3 O-O 12. e4 Qc7 13. Qf3 Nc6 14. Nxc6 Qxc6
15. Bg5 d6 16. Rac1 Qb7 17. b3 Rac8 18. Rfd1 Rfd8 19. Kg1 h6 20. Bxf6 Bxf6 21.
Na4 Rxc1 22. Rxc1 Rc8 23. Rxc8+ Qxc8 24. Qd3 Qc6 25. h4 h5 26. Kf1 Kf8 27. Ke2
Ke7 28. Kd2 g6 29. Qe3 Qb7 30. Kc2 Qc6+ 31. Kd2 Qb7 32. Kc2 Qc6+ 1/2-1/2

[Event "42nd POL-ch"]
[Site "Gdynia POL"]
[Date "1985.02.07"]
[Round "1"]
[White "Tomaszewski, Roman"]
[Black "Jasnikowski, Zbigniew"]
[Result "1/2-1/2"]
[WhiteElo "2405"]
[BlackElo "2405"]
[PlyCount "102"]
[EventDate "1985.02.07"]

1. d4 Nf6 2. c4 g6 3. Nc3 d5 4. Nf3 Bg7 5. Bg5 Ne4 6. cxd5 Nxg5 7. Nxg5 c6 8.
Qb3 O-O 9. Nf3 cxd5 10. Qxd5 Qb6 11. Qb5 Bxd4 12. Nxd4 Qxd4 13. Rd1 Qb6 14.
Qxb6 axb6 15. a3 Be6 16. e3 Nc6 17. Bb5 Rfd8 18. Ke2 Bb3 19. Rxd8+ Rxd8 20. Rc1
Kf8 21. f3 f6 22. Nb1 Na7 23. Bd3 Bd5 24. Nd2 Rc8 25. Rxc8+ Nxc8 26. Be4 Bxe4
27. Nxe4 Ke8 28. Kd3 Kd7 29. h4 Kc6 30. Kd4 Na7 31. a4 Nc8 32. f4 Na7 33. g4
Kd7 34. Nd2 b5 35. a5 Nc6+ 36. Kc5 Nxa5 37. Kxb5 Nc6 38. Kb6 Kc8 39. Ne4 Nb4
40. Nc5 Nd5+ 41. Ka7 b5 42. Ka6 b4 43. Kb5 Nxe3 44. Kxb4 Nxg4 45. Ka5 Ne3 46.
b4 Nd5 47. b5 Nxf4 48. b6 Nd5 49. Ka6 Nb4+ 50. Kb5 Nd5 51. Kc6 Nb4+ 1/2-1/2

[Event "42nd POL-ch"]
[Site "Gdynia POL"]
[Date "1985.02.08"]
[Round "2"]
[White "Bany, Jerzy"]
[Black "Pytel, Krzysztof"]
[Result "1-0"]
[WhiteElo "2435"]
[BlackElo "2405"]
[PlyCount "75"]
[EventDate "1985.02.07"]

1. Nf3 Nf6 2. g3 g6 3. Bg2 Bg7 4. O-O O-O 5. d4 c5 6. dxc5 Na6 7. Be3 Qc7 8.
Nc3 Nxc5 9. Nb5 Qb6 10. c4 Ng4 11. Bd4 e5 12. Bc3 Ne4 13. Be1 d5 14. Qxd5 Bf5
15. Qd1 a6 16. Nc3 Qxb2 17. Nd5 Rfd8 18. Nh4 Ngf6 19. Nxf5 gxf5 20. Bh3 Nxd5
21. cxd5 Nf6 22. d6 Rxd6 23. Qxd6 Qxa1 24. Qa3 Qd1 25. Qb2 Qd5 26. Bxf5 e4 27.
Bh3 Ng4 28. Qd2 Qxd2 29. Bxd2 Rd8 30. Bf4 h5 31. Rc1 Bd4 32. e3 Bg7 33. Bg2 Rd2
34. Bxe4 Nxf2 35. Rc8+ Bf8 36. Bf5 Kg7 37. Be5+ f6 38. Rc7+ 1-0

[Event "42nd POL-ch"]
[Site "Gdynia POL"]
[Date "1985.02.08"]
[Round "2"]
[White "Dejkalo, Stefan"]
[Black "Sygulski, Boguslaw"]
[Result "1-0"]
[WhiteElo "2325"]
[BlackElo "2270"]
[PlyCount "147"]
[EventDate "1985.02.07"]

1. d4 Nf6 2. c4 g6 3. Nc3 d5 4. Nf3 Bg7 5. Bg5 Ne4 6. cxd5 Nxg5 7. Nxg5 e6 8.
Nf3 exd5 9. e3 O-O 10. b4 b6 11. Rc1 Bb7 12. Be2 c6 13. O-O a6 14. Qb3 Qd6 15.
a4 Re8 16. Ne1 Nd7 17. a5 b5 18. Nd3 f5 19. Rfe1 Re7 20. Nb1 Rae8 21. Bf1 g5
22. Qc3 Re6 23. Nd2 Rh6 24. g3 Rg6 25. f4 Rge6 26. Ne5 Bf8 27. Rb1 Nf6 28. Bd3
Ne4 29. Nxe4 fxe4 30. Be2 Bg7 31. Bg4 R6e7 32. Rbc1 Rc7 33. Rc2 Rf8 34. Rec1
gxf4 35. gxf4 Kh8 36. Ra2 Rg8 37. Rcc2 Bf8 38. Rg2 Rcg7 39. Qe1 Qf6 40. Nd7 Qd8
41. Be6 Rxg2+ 42. Rxg2 Rxg2+ 43. Kxg2 Bc8 44. Nxf8 Qxf8 45. Bxc8 Qxc8 46. Qh4
Qf8 47. Kh3 h6 48. Qh5 Kh7 49. Kg4 Qg7+ 50. Kf5 Qd7+ 51. Ke5 Qe7+ 52. Kf5 Qd7+
53. Kf6 Qd6+ 54. Kf7 Qd7+ 55. Kf6 Qd6+ 56. Kf7 Qd7+ 57. Kf8 Qd6+ 58. Ke8 Qe6+
59. Kd8 Qd6+ 60. Kc8 Qe6+ 61. Kb7 Qd7+ 62. Kb6 Qd8+ 63. Kxa6 Qa8+ 64. Kb6 Qb8+
65. Kxc6 Qc8+ 66. Kxd5 Qc4+ 67. Ke5 Qc7+ 68. Kf5 Qc8+ 69. Kxe4 Qc2+ 70. Ke5
Qc7+ 71. Kd5 Qc4+ 72. Kd6 Qxb4+ 73. Kc6 Qxa5 74. Qxb5 1-0

[Event "42nd POL-ch"]
[Site "Gdynia POL"]
[Date "1985.02.08"]
[Round "2"]
[White "Jasnikowski, Zbigniew"]
[Black "Adamski, Jan"]
[Result "1/2-1/2"]
[WhiteElo "2435"]
[BlackElo "2450"]
[PlyCount "38"]
[EventDate "1985.02.07"]

1. d4 d5 2. c4 dxc4 3. e3 e6 4. Bxc4 Nf6 5. Nf3 c5 6. O-O a6 7. a4 Nc6 8. Qe2
Qc7 9. Nc3 Be7 10. h3 O-O 11. d5 exd5 12. Nxd5 Nxd5 13. Bxd5 Bf6 14. e4 Re8 15.
Be3 Nb4 16. Rac1 Nxd5 17. exd5 Bd7 18. Qc2 Rac8 19. Rfd1 c4 1/2-1/2

[Event "42nd POL-ch"]
[Site "Gdynia POL"]
[Date "1985.02.08"]
[Round "2"]
[White "Pokojowczyk, Jerzy"]
[Black "Kojder, Konrad"]
[Result "1/2-1/2"]
[WhiteElo "2405"]
[BlackElo "2370"]
[PlyCount "35"]
[EventDate "1985.02.07"]

1. e4 b6 2. d4 Bb7 3. Nc3 e6 4. Bd3 Nf6 5. a3 c5 6. Nf3 cxd4 7. Nxd4 d6 8. O-O
a6 9. f4 Nbd7 10. b4 Qc7 11. Bb2 e5 12. Nf5 g6 13. Ne3 Bh6 14. Ncd5 Bxd5 15.
Nxd5 Nxd5 16. exd5 O-O 17. f5 Nf6 18. fxg6 1/2-1/2

[Event "42nd POL-ch"]
[Site "Gdynia POL"]
[Date "1985.02.08"]
[Round "2"]
[White "Staniszewski, Piotr"]
[Black "Kuczynski, Robert"]
[Result "1-0"]
[WhiteElo "2365"]
[BlackElo "2415"]
[PlyCount "59"]
[EventDate "1985.02.07"]

1. e4 e5 2. Nf3 Nf6 3. Nxe5 d6 4. Nf3 Nxe4 5. d4 d5 6. Bd3 Nc6 7. O-O Be7 8.
Re1 Bg4 9. c3 f5 10. Qb3 O-O 11. Nbd2 Kh8 12. Qxb7 Rf6 13. Qb3 Rg6 14. Bb5 Nxd2
15. Nxd2 Bd6 16. Nf1 Ne7 17. Be2 Bxe2 18. Rxe2 f4 19. f3 Rb8 20. Qc2 Qd7 21.
Bd2 c5 22. Rae1 Nc6 23. dxc5 Bxc5+ 24. Kh1 Qf7 25. b4 Bd6 26. Qa4 Rc8 27. Qa6
Rc7 28. Re8+ Bf8 29. Ra8 Nb8 30. Qa4 1-0

[Event "42nd POL-ch"]
[Site "Gdynia POL"]
[Date "1985.02.08"]
[Round "2"]
[White "Sygulski, Artur"]
[Black "Nowak, Ignacy"]
[Result "1/2-1/2"]
[WhiteElo "2445"]
[BlackElo "2395"]
[PlyCount "69"]
[EventDate "1985.02.07"]

1. d4 Nf6 2. Nf3 g6 3. c4 Bg7 4. g3 O-O 5. Bg2 d6 6. d5 c6 7. O-O Qa5 8. Nc3
cxd5 9. cxd5 Bd7 10. a3 Rc8 11. Be3 Na6 12. b4 Qd8 13. Rc1 Nc7 14. a4 Na6 15.
Qb3 Ng4 16. Bd2 Qb6 17. h3 Ne5 18. Nxe5 Bxe5 19. b5 Nc5 20. Qb4 a5 21. Qa3 Bd4
22. Nd1 Bf5 23. Be3 Nd7 24. Bxd4 Qxd4 25. Ne3 Nb6 26. Nxf5 gxf5 27. Qf3 Qe5 28.
h4 Nxa4 29. Rxc8+ Rxc8 30. Bh3 Nc3 31. Bxf5 Qxe2 32. Qf4 Qh5 33. Bg4 Ne2+ 34.
Bxe2 Qxe2 35. Qg5+ 1/2-1/2

[Event "42nd POL-ch"]
[Site "Gdynia POL"]
[Date "1985.02.08"]
[Round "2"]
[White "Szymczak, Zbigniew"]
[Black "Tomaszewski, Roman"]
[Result "1/2-1/2"]
[WhiteElo "2335"]
[BlackElo "2405"]
[PlyCount "42"]
[EventDate "1985.02.07"]

1. d4 Nf6 2. c4 g6 3. Nc3 d5 4. cxd5 Nxd5 5. e4 Nxc3 6. bxc3 Bg7 7. Bc4 c5 8.
Ne2 cxd4 9. cxd4 Nc6 10. Be3 O-O 11. O-O Bg4 12. f3 Na5 13. Bb5 Bd7 14. Rb1 Rc8
15. d5 Bxb5 16. Rxb5 b6 17. Bd4 Bxd4+ 18. Nxd4 Qd6 19. Qd3 Rc5 20. Rd1 Rd8 21.
Rbb1 Rdc8 1/2-1/2

[Event "42nd POL-ch"]
[Site "Gdynia POL"]
[Date "1985.02.08"]
[Round "2"]
[White "Zolnierowicz, Krzysztof"]
[Black "Cichocki, Adam"]
[Result "0-1"]
[WhiteElo "2270"]
[BlackElo "2250"]
[PlyCount "116"]
[EventDate "1985.02.07"]

1. c4 c6 2. e4 d5 3. exd5 cxd5 4. d4 Nf6 5. Nc3 e6 6. Nf3 Be7 7. cxd5 Nxd5 8.
Bd3 a6 9. O-O b5 10. a4 b4 11. Nxd5 Qxd5 12. Re1 Ra7 13. Bf4 Nd7 14. Qc2 Qa8
15. d5 Nc5 16. d6 Nxd3 17. Qxd3 Bf6 18. Be5 Bxe5 19. Nxe5 O-O 20. Re4 f6 21.
Nf3 a5 22. Rh4 g6 23. Rd4 Bb7 24. h4 Bd5 25. Nh2 Rd7 26. h5 gxh5 27. Rh4 Bxg2
28. f3 Rg7 29. Kf2 Qa7+ 30. Qe3 Qf7 31. Rg1 Qg6 32. Qxe6+ Kh8 33. Nf1 Qc2+ 34.
Qe2 Qxe2+ 35. Kxe2 Bxf3+ 36. Kf2 Rxg1 37. Kxg1 Bg4 38. Rh2 Rd8 39. Rd2 Kg7 40.
Ne3 Kf7 41. Nc4 Ke6 42. Rd4 f5 43. Nxa5 Rxd6 44. Rxb4 h4 45. Nb3 Rd1+ 46. Kh2
Ke5 47. Rc4 Rb1 48. Rc5+ Kf4 49. Rc4+ Kg5 50. Rc2 Bf3 51. Kh3 Rh1+ 52. Rh2 Bg4+
53. Kg2 Rb1 54. Nd2 Rxb2 55. Kf1 Rb4 56. a5 Rb5 57. Nc4 Rb1+ 58. Kf2 Ra1 0-1

[Event "42nd POL-ch"]
[Site "Gdynia POL"]
[Date "1985.02.09"]
[Round "3"]
[White "Adamski, Jan"]
[Black "Szymczak, Zbigniew"]
[Result "1/2-1/2"]
[WhiteElo "2450"]
[BlackElo "2335"]
[PlyCount "51"]
[EventDate "1985.02.07"]

1. Nf3 Nf6 2. c4 d6 3. Nc3 Nbd7 4. d4 c6 5. e4 e5 6. Be2 Be7 7. O-O O-O 8. Qc2
a6 9. Rd1 Qc7 10. Rb1 b5 11. b4 exd4 12. Nxd4 Ne5 13. cxb5 cxb5 14. Bg5 Re8 15.
Bxf6 Bxf6 16. Nd5 Qxc2 17. Nxf6+ gxf6 18. Nxc2 f5 19. exf5 Bxf5 20. Rbc1 Be6
21. Ne3 Bxa2 22. Rxd6 Red8 23. Rcd1 Rxd6 24. Rxd6 Nc4 25. Nxc4 Bxc4 26. Bxc4
1/2-1/2

[Event "42nd POL-ch"]
[Site "Gdynia POL"]
[Date "1985.02.09"]
[Round "3"]
[White "Cichocki, Adam"]
[Black "Bany, Jerzy"]
[Result "1-0"]
[WhiteElo "2250"]
[BlackElo "2435"]
[PlyCount "69"]
[EventDate "1985.02.07"]

1. d4 d5 2. c4 c6 3. cxd5 cxd5 4. Nc3 Nf6 5. Nf3 Nc6 6. Bf4 Bf5 7. e3 e6 8. Bd3
Bxd3 9. Qxd3 Be7 10. O-O O-O 11. Rfc1 Nd7 12. a3 Nb6 13. b4 Bd6 14. Bxd6 Qxd6
15. e4 Rfc8 16. e5 Qd8 17. h4 Ne7 18. Ng5 Nf5 19. g4 h6 20. gxf5 hxg5 21. fxe6
fxe6 22. Qg6 gxh4 23. Qxe6+ Kh8 24. Qg4 Rc4 25. Ne2 Rac8 26. Rxc4 dxc4 27. Nf4
c3 28. Ng6+ Kg8 29. Qe6+ Kh7 30. Ne7 Qe8 31. Qf5+ g6 32. Qf6 Rc7 33. Qxh4+ Kg7
34. Qf6+ Kh7 35. Kg2 1-0

[Event "42nd POL-ch"]
[Site "Gdynia POL"]
[Date "1985.02.09"]
[Round "3"]
[White "Kojder, Konrad"]
[Black "Jasnikowski, Zbigniew"]
[Result "1/2-1/2"]
[WhiteElo "2370"]
[BlackElo "2405"]
[PlyCount "54"]
[EventDate "1985.02.07"]

1. d4 Nf6 2. c4 g6 3. Nc3 Bg7 4. e4 d6 5. Nf3 O-O 6. Be2 e5 7. dxe5 dxe5 8.
Qxd8 Rxd8 9. Bg5 Re8 10. Nd5 Nxd5 11. cxd5 c6 12. Bc4 cxd5 13. Bxd5 Nc6 14.
Bxc6 bxc6 15. Nd2 Be6 16. O-O-O h6 17. Be3 Reb8 18. Kb1 Rb5 19. Rc1 Rab8 20. b3
a5 21. Rxc6 a4 22. Rhc1 axb3 23. axb3 Bxb3 24. Rc8+ Kh7 25. Rxb8 Rxb8 26. Nxb3
Rxb3+ 27. Kc2 Rb7 1/2-1/2

[Event "42nd POL-ch"]
[Site "Gdynia POL"]
[Date "1985.02.09"]
[Round "3"]
[White "Kuczynski, Robert"]
[Black "Pokojowczyk, Jerzy"]
[Result "1/2-1/2"]
[WhiteElo "2415"]
[BlackElo "2405"]
[PlyCount "32"]
[EventDate "1985.02.07"]

1. e4 c5 2. Nf3 d6 3. d4 cxd4 4. Qxd4 Nc6 5. Bb5 Bd7 6. Bxc6 Bxc6 7. Nc3 Nf6 8.
Bg5 e6 9. O-O-O Be7 10. Rhe1 h6 11. Bxf6 Bxf6 12. Qxd6 Qxd6 13. Rxd6 Bxc3 14.
bxc3 Ke7 15. Rd2 Rhc8 16. Nd4 Be8 1/2-1/2

[Event "42nd POL-ch"]
[Site "Gdynia POL"]
[Date "1985.02.09"]
[Round "3"]
[White "Nowak, Ignacy"]
[Black "Dejkalo, Stefan"]
[Result "1/2-1/2"]
[WhiteElo "2395"]
[BlackElo "2325"]
[PlyCount "31"]
[EventDate "1985.02.07"]

1. d4 Nf6 2. c4 e6 3. Nf3 c5 4. d5 exd5 5. cxd5 d6 6. Nc3 g6 7. Bf4 a6 8. a4
Bg7 9. e4 Bg4 10. Be2 Bxf3 11. Bxf3 O-O 12. O-O Qe7 13. e5 dxe5 14. d6 Qe6 15.
Re1 Nbd7 16. Bxb7 1/2-1/2

[Event "42nd POL-ch"]
[Site "Gdynia POL"]
[Date "1985.02.09"]
[Round "3"]
[White "Pytel, Krzysztof"]
[Black "Sygulski, Artur"]
[Result "1/2-1/2"]
[WhiteElo "2405"]
[BlackElo "2445"]
[PlyCount "46"]
[EventDate "1985.02.07"]

1. d4 Nf6 2. Nf3 c5 3. d5 d6 4. Nc3 e5 5. dxe6 Bxe6 6. e4 Nc6 7. Bb5 Qb6 8. e5
dxe5 9. Nxe5 Rd8 10. Qf3 Nd5 11. O-O Be7 12. Nxd5 Bxd5 13. Bxc6+ bxc6 14. Qg3
f6 15. Nd3 O-O 16. b3 c4 17. Be3 Qb5 18. Nb2 Bd6 19. Bf4 Bxf4 20. Qxf4 cxb3 21.
cxb3 Qe2 22. Na4 Rfe8 23. Nc3 Qd3 1/2-1/2

[Event "42nd POL-ch"]
[Site "Gdynia POL"]
[Date "1985.02.09"]
[Round "3"]
[White "Sygulski, Boguslaw"]
[Black "Staniszewski, Piotr"]
[Result "0-1"]
[WhiteElo "2270"]
[BlackElo "2365"]
[PlyCount "88"]
[EventDate "1985.02.07"]

1. d4 Nf6 2. c4 e6 3. Nf3 b6 4. g3 Ba6 5. b3 Bb4+ 6. Bd2 Be7 7. Nc3 O-O 8. Bg2
c6 9. O-O d5 10. cxd5 cxd5 11. Ne5 Nfd7 12. Nf3 Nc6 13. Re1 Rc8 14. Bf1 Nf6 15.
e3 Bxf1 16. Rxf1 Ne4 17. a3 Nxd4 18. Nxd4 Nxc3 19. Bxc3 Rxc3 20. Rc1 Rxc1 21.
Qxc1 Bc5 22. b4 Bxd4 23. exd4 Qd7 24. Qf4 Rc8 25. Rc1 h6 26. Rxc8+ Qxc8 27. Kg2
Qd7 28. h4 h5 29. Qb8+ Kh7 30. Qe5 g6 31. Qf6 Kg8 32. Qg5 Qc7 33. Qe3 Qc2 34.
Kg1 Qb1+ 35. Kh2 Qe4 36. Qc3 Kg7 37. Kg1 e5 38. dxe5 d4 39. Qc7 Qd5 40. f4 Qf3
41. Kh2 Qf2+ 42. Kh3 Qg1 43. Qb7 d3 44. e6 Qf1+ 0-1

[Event "42nd POL-ch"]
[Site "Gdynia POL"]
[Date "1985.02.09"]
[Round "3"]
[White "Tomaszewski, Roman"]
[Black "Zolnierowicz, Krzysztof"]
[Result "1-0"]
[WhiteElo "2405"]
[BlackElo "2270"]
[PlyCount "83"]
[EventDate "1985.02.07"]

1. d4 Nf6 2. c4 e6 3. Nc3 Bb4 4. Qc2 c5 5. dxc5 O-O 6. a3 Bxc5 7. Nf3 Nc6 8.
Bf4 d5 9. e3 d4 10. O-O-O Qa5 11. exd4 Bxd4 12. Nxd4 Nxd4 13. Rxd4 e5 14. Bxe5
Qxe5 15. Qd2 Be6 16. Be2 a6 17. f4 Qc5 18. Rd1 b5 19. Bf3 Ra7 20. b4 Qc7 21. c5
Bb3 22. Re1 Bc4 23. g4 a5 24. Rxc4 bxc4 25. Nb5 Qb8 26. Nxa7 Qxa7 27. Qc3 axb4
28. axb4 Rb8 29. g5 Nd7 30. Re4 Nxc5 31. bxc5 Qa2 32. Qb4 Qa1+ 33. Kd2 c3+ 34.
Kd3 Rd8+ 35. Rd4 Qf1+ 36. Be2 Qh3+ 37. Kc2 Re8 38. Re4 Ra8 39. Qa4 Rb8 40. Qb3
Ra8 41. Qxc3 Ra2+ 42. Kb1 1-0

[Event "42nd POL-ch"]
[Site "Gdynia POL"]
[Date "1985.02.10"]
[Round "4"]
[White "Bany, Jerzy"]
[Black "Tomaszewski, Roman"]
[Result "1/2-1/2"]
[WhiteElo "2435"]
[BlackElo "2405"]
[PlyCount "20"]
[EventDate "1985.02.07"]

1. Nf3 d5 2. d4 Nf6 3. g3 e6 4. Bg2 c5 5. c4 dxc4 6. Qa4+ Bd7 7. Qxc4 Bc6 8.
O-O Nbd7 9. Nc3 b5 10. Qd3 c4 1/2-1/2

[Event "42nd POL-ch"]
[Site "Gdynia POL"]
[Date "1985.02.10"]
[Round "4"]
[White "Dejkalo, Stefan"]
[Black "Staniszewski, Piotr"]
[Result "1/2-1/2"]
[WhiteElo "2325"]
[BlackElo "2365"]
[PlyCount "113"]
[EventDate "1985.02.07"]

1. d4 Nf6 2. c4 e6 3. Nf3 b6 4. g3 Ba6 5. b3 Bb4+ 6. Bd2 Be7 7. Nc3 O-O 8. e4
d5 9. cxd5 Bxf1 10. Kxf1 exd5 11. e5 Ne4 12. Kg2 f5 13. exf6 Bxf6 14. Re1 Nc6
15. Be3 Qd7 16. Ne2 Ne7 17. Rf1 Nf5 18. Bf4 c5 19. Be5 Bxe5 20. Nxe5 Qe7 21.
Nf3 Rad8 22. Qd3 Qf6 23. Rad1 g5 24. dxc5 bxc5 25. Nd2 Nxd2 26. Rxd2 d4 27.
Rdd1 Qc6+ 28. Kg1 Nd6 29. b4 Rf3 30. Qc2 Nf5 31. Qxc5 Qxc5 32. bxc5 Ra3 33. Rd2
d3 34. Rfd1 Rd5 35. c6 dxe2 36. Rxd5 exd1=Q+ 37. Rxd1 Rc3 38. Rd7 Rxc6 39. Rxa7
g4 40. Ra5 Rf6 41. Kg2 Nh6 42. a4 Nf7 43. Rd5 Kg7 44. Rd4 h5 45. Rf4 Rc6 46. h3
gxh3+ 47. Kxh3 Rc3 48. Kg2 Kg6 49. Re4 Ra3 50. Rf4 Ne5 51. Re4 Ng4 52. Rf4 Ra2
53. Kf1 Kg5 54. Kg2 h4 55. Rf8 h3+ 56. Kxh3 Nxf2+ 57. Kg2 1/2-1/2

[Event "42nd POL-ch"]
[Site "Gdynia POL"]
[Date "1985.02.10"]
[Round "4"]
[White "Jasnikowski, Zbigniew"]
[Black "Kuczynski, Robert"]
[Result "1/2-1/2"]
[WhiteElo "2405"]
[BlackElo "2415"]
[PlyCount "82"]
[EventDate "1985.02.07"]

1. c4 c6 2. e4 e5 3. Nc3 Bb4 4. Nf3 d6 5. a3 Bxc3 6. dxc3 Nf6 7. Nd2 O-O 8. Be2
Be6 9. O-O Nbd7 10. Re1 h6 11. Bf1 Ne8 12. b3 Qc7 13. Ra2 Nc5 14. f3 b6 15. Rb2
a5 16. Qc2 f5 17. b4 Nd7 18. Bd3 f4 19. Nf1 Nef6 20. Bd2 g5 21. g4 h5 22. h3
hxg4 23. hxg4 Rf7 24. Reb1 Kg7 25. Be1 Rff8 26. Bf2 axb4 27. axb4 Ra3 28. c5
dxc5 29. bxc5 bxc5 30. Nd2 Qa5 31. Rc1 Qa4 32. Qxa4 Rxa4 33. Rb7 Kg6 34. Rc7
Nb8 35. Re7 Re8 36. Rxe8 Nxe8 37. Bxc5 Nd7 38. Bf2 Nd6 39. Kf1 Ra3 40. Ke1 Nb5
41. Bxb5 cxb5 1/2-1/2

[Event "42nd POL-ch"]
[Site "Gdynia POL"]
[Date "1985.02.10"]
[Round "4"]
[White "Nowak, Ignacy"]
[Black "Pytel, Krzysztof"]
[Result "1/2-1/2"]
[WhiteElo "2395"]
[BlackElo "2405"]
[PlyCount "126"]
[EventDate "1985.02.07"]

1. d4 Nf6 2. c4 e6 3. Nf3 a6 4. Nc3 c5 5. e3 d5 6. cxd5 exd5 7. Be2 Nc6 8. O-O
Bd6 9. dxc5 Bxc5 10. b3 O-O 11. Bb2 Ba7 12. Rc1 Re8 13. Qd3 Bg4 14. Rfd1 Qe7
15. h3 Be6 16. Bf1 Rad8 17. Ne2 Ne4 18. Ned4 Nb4 19. Qb1 Bd7 20. Re1 Bb8 21.
Qa1 Qd6 22. Ba3 a5 23. Bb5 Bxb5 24. Nxb5 Qb6 25. Bxb4 axb4 26. Nbd4 Bd6 27. Rc2
g6 28. Qd1 Ra8 29. Qd3 Ra5 30. Rec1 Kg7 31. Nd2 Be5 32. Nxe4 dxe4 33. Qc4 Bd6
34. Qe2 h5 35. Rc8 Rxc8 36. Rxc8 Rc5 37. Rxc5 Qxc5 38. Qc4 Qe5 39. Kf1 h4 40.
Ke2 Bc5 41. Nc2 Qe7 42. Qd5 b6 43. Nd4 Kf6 44. Nc6 Qe6 45. Nxb4 Qxd5 46. Nxd5+
Ke5 47. Nc3 Bb4 48. Nb1 f5 49. f3 Be7 50. fxe4 fxe4 51. Nc3 Bb4 52. Na4 b5 53.
Nb2 Bc5 54. a4 b4 55. Nc4+ Kd5 56. a5 Ba7 57. a6 Bc5 58. Kf2 Ba7 59. g3 g5 60.
g4 Ke6 61. Ke2 Kd5 62. Na5 Kd6 63. Nb7+ Kd7 1/2-1/2

[Event "42nd POL-ch"]
[Site "Gdynia POL"]
[Date "1985.02.10"]
[Round "4"]
[White "Pokojowczyk, Jerzy"]
[Black "Sygulski, Boguslaw"]
[Result "0-1"]
[WhiteElo "2405"]
[BlackElo "2270"]
[PlyCount "58"]
[EventDate "1985.02.07"]

1. e4 e5 2. Nf3 Nc6 3. Bb5 a6 4. Ba4 Nf6 5. O-O Be7 6. Re1 b5 7. Bb3 O-O 8. a4
Bb7 9. d3 d6 10. Nc3 b4 11. Ne2 Na5 12. Ba2 b3 13. cxb3 c5 14. b4 cxb4 15. Bd2
Qb6 16. Be3 Qd8 17. Ng3 Rb8 18. Bd2 Bc8 19. d4 Bg4 20. h3 Bxf3 21. Qxf3 Nc6 22.
d5 Nd4 23. Qd1 Nd7 24. Be3 b3 25. Bb1 Bf6 26. Nh5 g6 27. Nxf6+ Qxf6 28. Qd2
Rfc8 29. Rc1 Rxc1+ 0-1

[Event "42nd POL-ch"]
[Site "Gdynia POL"]
[Date "1985.02.10"]
[Round "4"]
[White "Sygulski, Artur"]
[Black "Cichocki, Adam"]
[Result "1-0"]
[WhiteElo "2445"]
[BlackElo "2250"]
[PlyCount "121"]
[EventDate "1985.02.07"]

1. Nf3 d5 2. d4 Nf6 3. g3 e6 4. Bg2 Be7 5. O-O O-O 6. b3 c5 7. Bb2 Nbd7 8. c4
dxc4 9. bxc4 cxd4 10. Nxd4 Nc5 11. Nc3 Bd7 12. e4 e5 13. Nb3 Rc8 14. Ba3 Na4
15. Bxe7 Qxe7 16. Nd5 Nxd5 17. cxd5 Bb5 18. Re1 Nb2 19. Qf3 Rc2 20. Bh3 Qb4 21.
Qe3 Nd3 22. Rf1 a5 23. Rab1 Rxa2 24. Nd2 Rb2 25. Rxb2 Nxb2 26. Rb1 a4 27. Nf3
a3 28. Nxe5 a2 29. Ra1 Nc4 30. Nxc4 Qb1+ 31. Qe1 Qxe1+ 32. Rxe1 Bxc4 33. Bf1
Bb3 34. Bd3 f6 35. Kf1 Ra8 36. Ra1 Kf7 37. Ke1 Ke7 38. Kd2 Kd6 39. Kc3 Bd1 40.
Kb2 Bf3 41. Rxa2 Re8 42. Ra4 f5 43. exf5 Bxd5 44. Kc3 Ke5 45. h4 Bc6 46. Rd4
Ra8 47. f4+ Kf6 48. Rd6+ Ke7 49. Re6+ Kf8 50. f6 Ra3+ 51. Kd4 gxf6 52. Rxf6+
Kg7 53. Rd6 Ra2 54. g4 h5 55. gxh5 Rh2 56. h6+ Kf7 57. h7 Rxh4 58. Rd8 Be8 59.
Ke3 Ke7 60. Rb8 Rh3+ 61. Kf2 1-0